Canciones de Claudia Arenas en OT2025 - Estadísticas

Estadísticas generales
  • Esta prueba ha sido intentada 28 veces
    8 desde el último reinicio
  • La puntuación promedio es 9 de 18
Estadísticas de respuestas
Gala Compañero Canción % Correcto
Gala 9 Sola Latin Girl
100%
Gala 10 Sola BIRDS OF A FEATHER
67%
Gala 1 Judit Carita Triste
67%
Gala 6 Guille Toledano Dos Gardenias
67%
Gala 2 Sola El Sitio De Mi Recreo
67%
Gala 7 Cristina End Of The World
67%
Gala 12 Sola el cielo
50%
Single Sola gran error
50%
Gala 8 Sola Kiss Me
50%
Gala 4 Téyou Kiss Me More
50%
Gala 3 Olivia Messy
50%
Gala 5 Crespo Nada Valgo Sin Tu Amor
50%
Gala Final Sola Vivir Así Es Morir de Amor
50%
Gala Final (Gala 0) Sola Oscar Winning Tears.
33%
Gala 11 Sola Overjoyed
33%
Amazon Music Original Guille Toledano Procuro Olvidarte
33%
Gala 12 Olivia Yes Sir, I Can Boggie
17%
Amazon Music Original Sola Yummy
17%
No se encontraron pruebas coincidentes
Distribución de puntuación
Porcentaje de gente con cada puntuación
Porcentaje por número respondido
Historial de tus puntuaciones
No has intentado esta prueba desde el último reinicio